000 00246nam a2200097Ia 4500
008 120527s9999 xx 000 0 und d
100 _aLAFFERTY & PANELLA
245 _aAdam interactive anatomy student Lab Guide
260 _bBenganum
942 _cBK
999 _c25746
_d25746